|
|
|
|
| LEADER |
00000nam a22000007a 4500 |
| 005 |
20191002231618.0 |
| 007 |
cr|||| |||| |
| 008 |
191002s2019 fr |||||s|||| 00||0 fra d |
| 020 |
|
|
|a 9783639509014
|
| 035 |
|
|
|a 28944
|
| 040 |
|
|
|a vLex
|
| 090 |
|
|
|c 9684
|d 9684
|
| 100 |
1 |
|
|a Simweray, Merci
|
| 245 |
1 |
2 |
|a La formation professionnelle des jeunes diplomš
|h [Recurso electrn̤ico] /
|c Merci Simweray, Rosma Malasibisamu
|
| 256 |
|
|
|a Servicio en ln̕ea
|
| 260 |
|
|
|a Pars̕:
|b Éditions Universitaires Europěnes,
|c 2019
|
| 300 |
|
|
|a 1 recurso electrn̤ico
|
| 500 |
|
|
|a La question qui concerne le mouvement du personnel et son incidence sur la performance d’une organisation est un sujet qui a ť ̌dǰ ̉abord ̌sous d’autres aspects, par diffřents auteurs, et donc, nous ne sommes pas le premier. Actuellement le monde professionnel est en pleine mutation, il change de temps en temps. La concurrence bat son record et les entreprises ne doivent compter que sur leurs ressources humaines pour survivre, en mettant en place des stratǧies et politiques qui vont les maintenir en vie. Les barrir̈es frontalir̈es čonomiques ayant disparu, une concurrence acharně ̉l’čhelle planťaire se dčlare alors entre les structures (Administrations publiques, Entreprises). Pour faire face ̉cette concurrence, l’entreprise recherche la performance et la rentabilit ̌pour rester compťitive sur le march.̌ Elle doit optimiser ses ressources disponibles, en misant surtout sur la compťence des ressources humaines qu’elle cherche ̉dv̌elopper continuellement et ̉fidľiser davantage pour une grande implication et engagement dans l’entreprise. L’enjeu aujourd’hui est de s’adapter au contexte ou de laisser la scn̈e aux plus performants.
|
| 506 |
1 |
|
|a Disponible solo en los productos indicados
|d vLex Global
|d vLex Global (Academic Edition, excluding Law Schools)
|d vLex Global (U.S. Academic Edition, Law Schools)
|d vLex Global (U.S. Academic Edition, excluding Law Schools)
|d vLex Global (Academic Edition, Law Schools)
|
| 650 |
0 |
4 |
|a Derecho Laboral y Seguridad Social
|z Francia
|
| 700 |
1 |
|
|a Malasibisamu, Rosma
|
| 740 |
0 |
|
|a vLex Libros (Servicio en ln̕ea)
|
| 856 |
4 |
0 |
|u http://vlex.com/source/28944
|z Acceso restringido
|
| 942 |
|
|
|c BOOK
|
| 999 |
0 |
|
|a Labor law and social security
|